[Event "GRE-ch U14"]
[Site "Chania"]
[Date "2003.04.21"]
[Round "3"]
[White "Koutsikas, I."]
[Black "Nikolarakis, Emmanouil"]
[Result "1/2-1/2"]
[WhiteElo "1255"]
[BlackElo "1405"]
[PlyCount "86"]
[EventDate "2003.04.??"]
[EventType "swiss"]
[EventRounds "7"]
[EventCountry "GRE"]
[SourceTitle "EXT 2005"]
[Source "ChessBase"]
[SourceDate "2004.11.15"]
[SourceVersion "1"]
[SourceVersionDate "2004.11.15"]
[SourceQuality "1"]

1. e4 e5 2. Nf3 Nc6 3. Bb5 a6 4. Ba4 Nf6 5. Nc3 Bb4 6. d3 d6 7. h3 h6 8. 0-0 Be6 9. a3 Ba5 10. Bxc6+ bxc6 11. Bd2 0-0 12. Ne2 Bb6 13. Ng3 Nh7 14. Kh1 Rb8 15. b3 Qd7 16. Rb1 Bc5 17. b4 Bb6 18. c3 f6 19. Nh4 Bxh3 20. Nhf5 Bxf5 21. Nxf5 Rbd8 22. Qg4 Ng5 23. Qh5 Qf7 24. Qxf7+ Nxf7 25. Ne7+ Kh7 26. Nxc6 Rde8 27. a4 Nh8 28. a5 Bxf2 29. Rxf2 Ng6 30. g3 Ne7 31. Nxe7 Rxe7 32. Rbf1 Rd8 33. c4 c6 34. Rf3 Red7 35. Be3 d5 36. Bb6 dxe4 37. dxe4 Rb8 38. Rc3 Rd2 39. Rff3 Rd1+ 40. Kg2 Rd2+ 41. Rf2 Rd1 42. Rf1 Rd2+ 43. Rf2 Rd1 1/2-1/2

[Event "GRE-ch U14"]
[Site "Chania"]
[Date "2003.04.20"]
[Round "1"]
[White "Koutsikas, I."]
[Black "Papadopoulos, Nikolaos"]
[Result "0-1"]
[WhiteElo "1255"]
[BlackElo "1615"]
[PlyCount "76"]
[EventDate "2003.04.??"]
[EventType "swiss"]
[EventRounds "7"]
[EventCountry "GRE"]
[SourceTitle "EXT 2005"]
[Source "ChessBase"]
[SourceDate "2004.11.15"]
[SourceVersion "1"]
[SourceVersionDate "2004.11.15"]
[SourceQuality "1"]

1. d4 Nf6 2. c4 g6 3. Nc3 d5 4. e3 Bg7 5. Bd2 0-0 6. Nf3 h6 7. Bd3 dxc4 8. Bxc4 Bf5 9. Nh4 Qd7 10. Nxf5 Qxf5 11. Rc1 Nc6 12. Qe2 e5 13. d5 Ne7 14. e4 Qh5 15. Qxh5 Nxh5 16. g3 Rfd8 17. Be3 Nc8 18. Bb3 Nd6 19. a4 a6 20. Na2 Rac8 21. f3 Kh8 22. Kf2 f5 23. Nc3 Nf6 24. Bc2 fxe4 25. fxe4 Ng4+ 26. Ke2 Nxe3 27. Kxe3 h5 28. Rcf1 b6 29. Bd3 Bh6+ 30. Ke2 b5 31. axb5 axb5 32. b3 b4 33. Nb5 c6 34. Na7 Ra8 35. Nxc6 Ra2+ 36. Kd1 Rd2+ 37. Ke1 Ra8 38. Bb1 Ra1 0-1